00755 2200217 4500001002100000005001700021008004100038035002400079082001200103090002500115100002200140245012800162250001000290260008600300300003200386500002900418650003300447700002100480700001600501999002000517YOGYA-0411000000237820110428095300.0 ind  0010-041100000002378 a364.153 a364.153bWatcPlDEP aWATTIE, Ana Marie aPenanganan kasus kekerasan terhadap perempuan di ruang publik/Anna Marie Wattie, Susi Eja Yuarsi ; penyunting, Sugihastuti. aEd.1. aYogyakartabPusat Studi Kependudukan dan Kebijakan Universitas Gadjah Madac2002. axiv, 45 hlm.bilus.c21 cm. aBibliografi : hlm. 39-40 aKekerasan terhadap perempuan aYuarti, Susi Eja aSugihastuti aCB-D.11 2002-92